Ten Biggest and Ten Smallest US States by Population - Statistics

General Stats
  • This quiz has been taken 35 times
  • The average score is 18 of 20
Answer Stats
# State Population % Correct
1 California 39.538.223
100%
8 Rhode Island 1.097.379
100%
2 Texas 29.145.505
100%
3 Florida 21.538.187
97%
4 New York 20.201.249
97%
1 Wyoming 576.851
97%
6 Delaware 989.948
94%
9 Maine 1.362.359
94%
10 New Hampshire 1.377.529
94%
7 Ohio 11.799.448
94%
3 Alaska 733.391
91%
8 Georgia 10.711.908
88%
6 Illinois 12.812.508
88%
7 Montana 1.084.225
88%
2 Vermont 643.077
88%
5 Pennsylvania 13.002.700
84%
10 Michigan 10.077.331
78%
4 North Dakota 779.094
78%
5 South Dakota 886.667
78%
9 North Carolina 10.439.388
75%
No matching quizzes found
Score Distribution
Percent of People with Each Score
Percentile by Number Answered
Your Score History
You have not taken this quiz